Länder mit den meisten Bahnreisen pro Kopf - Statistiken

Allgemein
  • Dieses Quiz wurde 273 mal gespielt
  • Das Durchschnittsergebnis liegt bei 16 aus 20
Antwortstatistiken
km Land % Korrekt
1.179 Deutschland
99%
3.464 Japan
96%
963 China
95%
1.609 Frankreich
94%
920 Italien
90%
2.433 Schweiz
90%
897 Russland
88%
1.205 Vereinigtes Königreich
88%
1.488 Österreich
86%
850 Indien
83%
1.090 Niederlande
83%
1.340 Schweden
83%
885 Belgien
79%
847 Norwegen
78%
821 Finnland
75%
1.740 Südkorea
74%
1.143 Dänemark
71%
964 Tschechien
67%
912 Taiwan
33%
1.032 Kasachstan
21%
Keine übereinstimmenden Quizze gefunden
Verteilung der Resultate
Anzahl Personen mit jedem Resultat
Perzentil nach korrekt beantworteten Fragen
Ihre Resultats-Entwicklung
Sie haben dieses Quiz noch nicht gespielt